[Event "14th Sants Open A"]
[Site "Barcelona ESP"]
[Date "2012.08.18"]
[Round "2.9"]
[White "Lorscheid,G"]
[Black "Narciso Dublan,M"]
[Result "0-1"]
[WhiteElo "2268"]
[BlackElo "2528"]

1.d4 Nf6 2.c4 e6 3.Nc3 Bb4 4.Nf3 b6 5.Bg5 h6 6.Bh4 g5 7.Bg3 Ne4 8.Qc2 Bb7
9.e3 Bxc3+ 10.bxc3 d6 11.Be2 Nd7 12.O-O h5 13.h3 Qe7 14.Nd2 Nxd2 15.Qxd2 O-O-O
16.a4 a5 17.Qd1 h4 18.Bh2 f5 19.Bf3 Ba6 20.c5 dxc5 21.Be2 Bb7 22.Bf3 Ba6
23.Be2 c4 24.Qc2 Rhg8 25.f3 e5 26.Qa2 Qe6 27.Kh1 Rge8 28.Rad1 exd4 29.Rxd4 Nc5
30.Bxc4 Bxc4 31.Rxc4 Rd3 32.Ra1 Red8 33.Bxc7 Rd1+ 34.Rxd1 Rxd1+ 35.Kh2 Qxe3  0-1

[Event "12th Brasschaat Open"]
[Site "Brasschaat BEL"]
[Date "2012.08.18"]
[Round "1.6"]
[White "Van Hecke,J"]
[Black "Docx,S"]
[Result "0-1"]
[WhiteElo "1744"]
[BlackElo "2398"]

1.d4 Nf6 2.c4 e6 3.Nc3 Bb4 4.Nf3 b6 5.Bg5 h6 6.Bh4 g5 7.Bg3 Ne4 8.Qc2 Bb7
9.a3 Bxc3+ 10.bxc3 d6 11.e3 Nd7 12.Bd3 f5 13.O-O Qf6 14.h3 h5 15.Nd2 Nxd2
16.Qxd2 h4 17.Bh2 g4 18.hxg4 fxg4 19.e4 e5 20.d5 O-O-O 21.Kh1 h3 22.f3 g3
23.Bxg3 Rdg8 24.Qf2 Qh6 25.gxh3 Qxh3+ 26.Bh2 Rg3 27.Be2 Nf6 28.Rg1 Nh5 29.Rg2 Rxg2
30.Qxg2 Ng3+ 31.Kg1 Qxg2+ 32.Kxg2 Nxe2  0-1

[Event "2nd Isthmia Open A"]
[Site "Korinthia GRE"]
[Date "2012.08.18"]
[Round "1.9"]
[White "Mastrovasilis,A"]
[Black "Makka,I"]
[Result "1/2-1/2"]
[WhiteElo "2539"]
[BlackElo "2073"]

1.d4 Nf6 2.c4 e6 3.Nc3 Bb4 4.Nf3 b6 5.e3 O-O 6.Bd3 Bb7 7.O-O c5 8.Na4 cxd4
9.a3 Be7 10.exd4 d5 11.c5 Nbd7 12.b4 Ne4 13.Bb2 a6 14.Rc1 Bc6 15.cxb6 Bxa4
16.Qxa4 Nxb6 17.Qc2 f5 18.Ne5 Bg5 19.f4 Bf6 20.Qe2 Bxe5 21.dxe5 a5 22.Bd4 Na4
23.Rc6 axb4 24.axb4 Qe7 25.Rb1 Rfc8 26.Qc2 Nac3 27.Rxc8+ Rxc8 28.Bxe4 fxe4
29.Rb3 Ne2+ 30.Qxe2 Rc1+ 31.Kf2 Qh4+ 32.g3 Qxh2+ 33.Ke3 Qxg3+ 34.Kd2 Qxb3
35.Kxc1 Qxb4 36.Qe3 Qc4+ 37.Kd2 h6 38.Ke1 Qc2 39.Kf1 Qd1+ 40.Kf2 Qg4 41.Qg3 Qd1
42.Qe3 Qc2+  1/2-1/2

[Event "2nd Isthmia Open A"]
[Site "Korinthia GRE"]
[Date "2012.08.19"]
[Round "3.14"]
[White "Urosevic,G"]
[Black "Georgiadis,I"]
[Result "0-1"]
[WhiteElo "2239"]
[BlackElo "2445"]

1.d4 Nf6 2.c4 e6 3.Nc3 Bb4 4.Nf3 c5 5.d5 d6 6.Bd2 O-O 7.a3 Bxc3 8.Bxc3 Ne4
9.dxe6 Bxe6 10.Qc2 Nxc3 11.Qxc3 Nc6 12.e3 Qe7 13.Rd1 Rad8 14.Be2 Rd7 15.O-O Rfd8
16.Rd2 h6 17.Rfd1 d5 18.cxd5 Bxd5 19.h3 b6 20.Ne1 Ne5 21.f4 Ng6 22.Bf3 Bxf3
23.Nxf3 Rxd2 24.Rxd2 Re8 25.Kf2 Nh4 26.Qd3 c4 27.Qd4 Nf5 28.Qe5 Nxe3 29.Qxe7 Rxe7
30.Ne5 Nf5 31.Nxc4 Re4 32.Rd8+ Kh7 33.Nd6 Rxf4+ 34.Ke2 Nxd6 35.Rxd6 Re4+
36.Kf3 Re7 37.g4 g5 38.b4 Rc7 39.Rd3 Kg6 40.Rd6+ f6 41.Rd3 h5 42.Ke4 h4 43.Kf3 Rc2
44.Ke4 a5 45.bxa5 bxa5 46.Kd5 a4 47.Rf3 Kf7 48.Kd4 Rb2 49.Rd3 Rb3 50.Re3 Rxe3
51.Kxe3 Ke6 52.Ke4 f5+ 53.gxf5+ Kf6 54.Ke3 Kxf5 55.Kf3 g4+ 56.hxg4+ Kg5  0-1

[Event "14th Sants Open A"]
[Site "Barcelona ESP"]
[Date "2012.08.20"]
[Round "4.9"]
[White "Alonso Rosell,A"]
[Black "Stromboli,E"]
[Result "1-0"]
[WhiteElo "2502"]
[BlackElo "2310"]

1.d4 Nf6 2.c4 e6 3.Nc3 Bb4 4.Nf3 b6 5.Bg5 Bb7 6.Nd2 Bxc3 7.bxc3 d6 8.f3 Nbd7
9.e3 e5 10.Bd3 Qe7 11.Qe2 h6 12.Bh4 g5 13.Bf2 e4 14.Bc2 O-O-O 15.O-O-O Rde8
16.Rde1 Reg8 17.Rhf1 h5 18.Kb2 h4 19.h3 exf3 20.gxf3 Nh5 21.Qd3 Kb8 22.a4 Rf8
23.Rg1 Bc8 24.f4 gxf4 25.exf4 Qd8 26.Rg4 Ndf6 27.Rxh4 Ng7 28.Qf3 Nf5 29.Rxh8 Rxh8
30.Rg1 Ne7 31.f5 Rh5 32.Be3 Rh7 33.Bg5 Neg8 34.Ne4 d5 35.Nxf6 Nxf6 36.Bxf6 Qxf6
37.Rg8 Rh8 38.Rxh8 Qxh8 39.Qxd5 Qe8 40.Be4 c6 41.Qe5+  1-0

[Event "2nd Isthmia Open A"]
[Site "Korinthia GRE"]
[Date "2012.08.20"]
[Round "4.2"]
[White "Adhiban,Baskaran"]
[Black "Vishnu,P"]
[Result "1/2-1/2"]
[WhiteElo "2553"]
[BlackElo "2435"]

1.d4 Nf6 2.c4 e6 3.Nc3 Bb4 4.Nf3 c5 5.g3 Nc6 6.Bg2 d5 7.O-O dxc4 8.dxc5 Qxd1
9.Rxd1 Bxc5 10.Nd2 Na5 11.Nde4 Nxe4 12.Nxe4 Be7 13.Bf4 Bd7 14.Bc7 b6 15.Be5 f6
16.Bc3 O-O-O  1/2-1/2

[Event "EY Boys U16 2012"]
[Site "Prague CZE"]
[Date "2012.08.20"]
[Round "4.8"]
[White "Melzer,Patrik"]
[Black "Tsydypov,Z"]
[Result "1-0"]
[WhiteElo "2108"]
[BlackElo "2328"]

1.Nf3 Nf6 2.c4 e6 3.Nc3 Bb4 4.d4 c5 5.e3 O-O 6.Bd3 Nc6 7.a3 Bxc3+ 8.bxc3 d6
9.O-O e5 10.d5 Ne7 11.Qc2 Ng6 12.e4 Bd7 13.Ne1 h6 14.f3 Qa5 15.Bd2 Ba4 16.Qa2 Rab8
17.g3 Qa6 18.Ng2 b5 19.cxb5 Bxb5 20.c4 Bd7 21.Rfb1 Bh3 22.Ne3 Ne7 23.a4 Nh7
24.g4 Ng5 25.Kf2 g6 26.Rxb8 Rxb8 27.Nd1 f5 28.Bxg5 hxg5 29.Kg3 fxg4 30.fxg4 Bxg4
31.Kxg4 Qc8+ 32.Kg3 Qf8 33.Qd2 Qh6 34.Kg2 Rf8 35.Nf2 Rf4 36.Qe2 g4 37.Nxg4 Qh4
38.h3 g5 39.Qe1 Ng6 40.Qxh4 Nxh4+ 41.Kh2 Rf3 42.Be2 Rb3 43.Nh6+ Kh7 44.Nf5 Rb2
45.Nxh4 Rxe2+ 46.Ng2 Rxe4 47.Rc1 Kg6 48.Rc2 Rd4 49.a5 Kh5 50.Ne3 Kg6 51.Kg2 Rd3
52.Kf3 Ra3 53.Rg2 Kf6 54.Ke4 Rxa5 55.Nf5 Ra6 56.Rb2 Ra1 57.Nxd6 Re1+ 58.Kf3  1-0

[Event "11th Lichtenberger Sommer 2012"]
[Site "Berlin GER"]
[Date "2012.08.21"]
[Round "4.40"]
[White "Schmalzried,V"]
[Black "Badestein,H"]
[Result "0-1"]
[WhiteElo "1858"]
[BlackElo "2099"]

1.c4 Nf6 2.Nc3 e6 3.d4 Bb4 4.Nf3 O-O 5.Bd2 b6 6.g3 Bb7 7.Bg2 d5 8.cxd5 exd5
9.O-O Re8 10.Ne5 Bxc3 11.bxc3 Nbd7 12.Nxd7 Qxd7 13.c4 Ba6 14.Rc1 Rad8 15.Bg5 Bxc4
16.Bxf6 Bxe2 17.Qd2 gxf6 18.Rfe1 Bc4 19.Qh6 Rxe1+ 20.Rxe1 Re8 21.Rc1 Qf5
22.Rxc4 Re1+ 23.Bf1 dxc4 24.d5 c3 25.d6 cxd6  0-1

[Event "EY Boys U14 2012"]
[Site "Prague CZE"]
[Date "2012.08.21"]
[Round "5.8"]
[White "Paravyan,D"]
[Black "Winiarski,M"]
[Result "1/2-1/2"]
[WhiteElo "2271"]
[BlackElo "2031"]

1.c4 Nf6 2.Nc3 e6 3.d4 Bb4 4.Nf3 O-O 5.Bg5 d5 6.Qb3 Bxc3+ 7.Qxc3 dxc4 8.Qxc4 Qd5
9.Qxd5 exd5 10.Bxf6 gxf6 11.Rc1 c6 12.e3 Bf5 13.Nh4 Bg6 14.Be2 Nd7 15.O-O Nb6
16.Rfd1 Nc8 17.Bd3 Nd6 18.g4 Rfe8 19.Nf5 Bxf5 20.Bxf5 h5 21.h3 hxg4 22.hxg4 Nxf5
23.gxf5 Kg7 24.Kf1 Kh6 25.Ke2 Kg5 26.b4 a6 27.a4 Kxf5 28.b5 axb5 29.axb5 Ra2+
30.Kf3 Rc8 31.Rc5 Ke6 32.Rb1 Kd6 33.bxc6 bxc6 34.Rb7 Rc7 35.Rb8 Rd2 36.Rh8 Rb2
37.Rh5 Re7 38.Rh1 Re5 39.dxe5+ Kxc5 40.Rc1+ Kb5 41.exf6 c5 42.Kf4 Rxf2+ 43.Ke5 Kc6
44.Ra1 Re2 45.Ra6+ Kb5 46.Ra7 Kc4 47.Kf4 Rf2+ 48.Kg5 Rf3 49.Rxf7 Rxe3 50.Re7 Rf3
51.Re5 Rg3+ 52.Kf4 Rg8 53.Ke3 d4+ 54.Kd2 Rf8 55.Rf5 Rf7 56.Ke2 d3+  1/2-1/2

[Event "14th Sants Open A"]
[Site "Barcelona ESP"]
[Date "2012.08.23"]
[Round "7.3"]
[White "Alonso Rosell,A"]
[Black "Spraggett,K"]
[Result "1/2-1/2"]
[WhiteElo "2502"]
[BlackElo "2595"]

1.d4 Nf6 2.c4 e6 3.Nc3 Bb4 4.Nf3 b6 5.Bg5 h6 6.Bh4 g5 7.Bg3 Ne4 8.Qc2 Bb7
9.Nd2 Bxc3 10.bxc3 Nxg3 11.hxg3 d6 12.e3 Nd7 13.Qa4 Qe7 14.Rb1 f5 15.Nb3 Kf7
16.Nd2 Nf6 17.Qb5 Kg7 18.Rd1 Rad8 19.Qb1 Rhf8 20.Nf3 c5 21.Bd3 Be4 22.Bxe4 Nxe4
23.Qc2 Qb7 24.d5 Qe7 25.dxe6 Qxe6 26.Qd3 Rf7 27.O-O Rfd7 28.Rc1 d5 29.cxd5 Rxd5
30.Qb5 Qf6 31.Qa6 R5d7 32.c4 Nc3 33.Rfe1 Kg6 34.Qa3 Ne4 35.Qb3 Rd3 36.Qa4 a5
37.Qb5 g4 38.Nh4+ Kg7 39.Rf1 Rd2 40.Qa6 R2d6 41.Kh2 Nd2 42.Rfe1 Kg8 43.Rc2 Ne4
44.Rf1 Nd2 45.Re1 Ne4  1/2-1/2

[Event "12th ch-Euro Seniors"]
[Site "Kaunas LTU"]
[Date "2012.08.24"]
[Round "7.18"]
[White "Furman,Bo"]
[Black "Myall,Ivan J"]
[Result "1/2-1/2"]
[WhiteElo "2255"]
[BlackElo "2071"]

1.d4 Nf6 2.c4 e6 3.Nc3 Bb4 4.Nf3 d5 5.cxd5 exd5 6.Bg5 h6 7.Bh4 c6 8.a3 Be7
9.e3 Ne4 10.Bxe7 Qxe7 11.Bd3 Bf5 12.Qc2 Nd7 13.O-O O-O 14.Rae1 Rfe8 15.Kh1 Qf6
16.b4 Nd6 17.Bxf5 Qxf5 18.Qxf5 Nxf5 19.b5 Nd6 20.bxc6 bxc6 21.Nd2  1/2-1/2

[Event "4th Pilsen Open 2012"]
[Site "Plzen CZE"]
[Date "2012.08.24"]
[Round "8.16"]
[White "Hercik,J"]
[Black "Molnar,Lad"]
[Result "1-0"]
[WhiteElo "1935"]
[BlackElo "1807"]

1.d4 Nf6 2.c4 e6 3.Nf3 Bb4+ 4.Nc3 Bxc3+ 5.bxc3 c5 6.Qc2 d6 7.e4 Nc6 8.d5 Ne5
9.Nxe5 dxe5 10.Be3 Qe7 11.Rd1 b6 12.Be2 h6 13.O-O O-O 14.f4 exf4 15.d6 Qe8
16.Bxf4 e5 17.Bxh6 Ng4 18.Bc1 f6 19.Qd3 Bd7 20.Qg3 f5 21.exf5 Nf6 22.Rd3 Nh7
23.Re3 e4 24.Bg4 Nf6 25.Re2 Qf7 26.Bg5 Nxg4 27.Qxg4 Bxf5 28.Qg3 Qxc4 29.Bh6 Rf7
30.Ref2 g6 31.Rxf5 Rxf5 32.Qxg6+  1-0

[Event "EY Boys U18 2012"]
[Site "Prague CZE"]
[Date "2012.08.24"]
[Round "8.26"]
[White "Pecurica,M"]
[Black "Pop,A"]
[Result "1-0"]
[WhiteElo "2132"]
[BlackElo "2271"]

1.d4 Nf6 2.c4 e6 3.Nc3 Bb4 4.Nf3 O-O 5.Bg5 c5 6.a3 Bxc3+ 7.bxc3 Qa5 8.Qd3 Ne4
9.Bd2 f5 10.g3 b6 11.d5 Ba6 12.Bg2 Qa4 13.Ne5 d6 14.dxe6 Bb7 15.Nf7 Nc6 16.Bf4 Na5
17.f3 Nf6 18.Nxd6 Ba6 19.e7 Rfb8 20.Be5 Nxc4 21.Bxf6 Nxd6 22.Qxd6 Qc4 23.O-O gxf6
24.f4  1-0

[Event "24th Schlosspark Open"]
[Site "Wiesbaden GER"]
[Date "2012.08.25"]
[Round "4.47"]
[White "Happel,Jonas"]
[Black "Hillgaertner,W"]
[Result "1/2-1/2"]
[WhiteElo "1758"]
[BlackElo "1962"]

1.d4 Nf6 2.Nf3 e6 3.c4 Bb4+ 4.Nc3 b6 5.Bd2 Bb7 6.e3 O-O 7.Be2 Be7 8.O-O c5
9.dxc5 bxc5 10.Ne5 d6 11.Nd3 Nbd7 12.Bf3 Qc8 13.b3 Bc6 14.Ne1 Ne5 15.Bxc6 Qxc6
16.f4 Ned7 17.Qf3 Rac8 18.Rd1  1/2-1/2

[Event "14th Sants Open A Tie-Breaks"]
[Site "Barcelona ESP"]
[Date "2012.08.26"]
[Round "1.1"]
[White "Shankland,S"]
[Black "Cordova,E"]
[Result "0-1"]
[WhiteElo "2581"]
[BlackElo "2572"]

1.d4 Nf6 2.c4 e6 3.Nc3 Bb4 4.Nf3 b6 5.e3 Bb7 6.Bd3 c5 7.O-O O-O 8.Na4 cxd4
9.exd4 Re8 10.a3 Bf8 11.b4 d6 12.Re1 Nbd7 13.Bb2 Rc8 14.Rc1 Rc7 15.Nc3 Qa8
16.Bb1 Bxf3 17.gxf3 Rxc4 18.Ne4 Rxc1 19.Qxc1 d5 20.Ng3 Qb8 21.Qg5 h6 22.Qh4 Qd8
23.Kh1 Nh7 24.Qf4 Qf6 25.Qg4 Qg5 26.Rc1 Qxg4 27.fxg4 Bd6 28.Bd3 Rd8 29.Kg2 Nhf8
30.Ne2 Ng6 31.Bxg6 fxg6 32.Rc2 b5 33.Rc6 Nb8 34.Rc2 g5 35.Bc1 Kf7 36.f4 gxf4
37.Bxf4 Ke7 38.Kf3 Nd7 39.Rc6 Nb6 40.Nc3 Bxf4 41.Kxf4 Kd7 42.Rc5 Rf8+ 43.Ke3 Nc4+
44.Kd3 Rf3+ 45.Kc2 Nxa3+ 46.Kb3 Nb1  0-1

[Event "24th Schlosspark Open"]
[Site "Wiesbaden GER"]
[Date "2012.08.26"]
[Round "6.7"]
[White "Jahnel,G"]
[Black "Sarkoezy,B"]
[Result "1-0"]
[WhiteElo "2282"]
[BlackElo "2075"]

1.d4 Nf6 2.c4 e6 3.Nc3 Bb4 4.Nf3 Nc6 5.Qc2 d6 6.e4 e5 7.d5 Bxc3+ 8.bxc3 Nb8
9.Be3 Na6 10.a4 O-O 11.a5 Bd7 12.h3 c6 13.Be2 Qc7 14.O-O cxd5 15.cxd5 Nc5
16.Nd2 Rfc8 17.f4 a6 18.Rf2 Bb5 19.c4 Be8 20.fxe5 dxe5 21.Bf3 Bd7 22.Qc3 Na4
23.Qb4 Nc5 24.Qa3 Ne8 25.Rb1 Rab8 26.Bd1 Nd6 27.Bc2 b5 28.axb6 Rxb6 29.Rbf1 Rbb8
30.Rf3 Be8 31.Qc3 Qe7 32.Rg3 f6 33.Ra1 Qb7 34.Rb1 Qc7 35.Rxb8 Rxb8 36.Qa3 Rc8
37.Bf2 Bg6 38.Re3 a5 39.Re1 Na6 40.Bb3 Nc5 41.Bc2 Na6 42.Bd3 Nc5 43.Bxc5 Qxc5+
44.Qxc5 Rxc5 45.Nb3 Rxc4 46.Bxc4 Nxc4 47.Nc5 Kf7 48.Kf2 Ke7 49.Rc1 Nd6 50.Ke3 Bf7
51.Nb7 Ne8 52.Nxa5 f5 53.Nb7 fxe4 54.d6+ Kd7 55.Rd1 Nf6 56.Nc5+ Kd8 57.Ra1 Bd5
58.Ra7 Ne8 59.Re7 Bc6 60.Ne6+ Kc8 61.g4 Bb5 62.Nc7 Nxd6 63.Nxb5 Nxb5 64.Rxg7 Nd6
65.Rxh7 Kd8 66.h4 Ke8 67.h5 Kf8 68.Rd7 Ne8 69.g5 Ng7 70.Rxg7  1-0

[Event "40th Olympiad Open"]
[Site "Istanbul TUR"]
[Date "2012.08.30"]
[Round "3.18"]
[White "Hracek,Z"]
[Black "Kvon,A"]
[Result "1/2-1/2"]
[WhiteElo "2619"]
[BlackElo "2492"]

1.d4 Nf6 2.c4 e6 3.Nc3 Bb4 4.Nf3 b6 5.e3 O-O 6.Bd3 Bb7 7.O-O c5 8.Na4 cxd4
9.exd4 Be7 10.a3 Bxf3 11.Qxf3 Nc6 12.Be3 d5 13.cxd5 Qxd5 14.Qxd5 Nxd5 15.Rac1 Rac8
16.Ba6 Rc7 17.Rc4 Bd6 18.Rfc1 Nce7 19.Rxc7 Nxc7 20.Bd3 Ncd5 21.g3 h6 22.Bd2 Rc8
23.Rxc8+ Nxc8 24.Nc3 Nxc3 25.Bxc3 Ne7 26.Kg2 Nd5 27.Bd2 Be7 28.Kf3 f5 29.h4 Bf6
30.Be3 g5 31.hxg5  1/2-1/2

[Event "FSIM Sept 2012"]
[Site "Budapest HUN"]
[Date "2012.09.01"]
[Round "1.1"]
[White "Petran,Pa"]
[Black "Lengyel,B"]
[Result "0-1"]
[WhiteElo "2331"]
[BlackElo "2250"]

1.d4 Nf6 2.c4 e6 3.Nc3 Bb4 4.Nf3 b6 5.Bg5 Bb7 6.e3 h6 7.Bh4 Bxc3+ 8.bxc3 d6
9.Nd2 Nbd7 10.f3 Qe7 11.Bd3 e5 12.e4 Nf8 13.Qa4+ Qd7 14.Qxd7+ N6xd7 15.Bf2 Ne6
16.g3 g5 17.d5 Nec5 18.Be2 Ke7 19.Be3 Na4 20.Rc1 Rag8 21.Kf2 h5 22.h4 g4
23.fxg4 hxg4 24.Kg2 c6 25.Rhf1 f6 26.Rf5 a6 27.Kg1 Rc8 28.Rff1 Rhg8 29.Bd3 cxd5
30.exd5 Ndc5 31.Bh7 Rg7 32.Bf5 Rh8 33.Nb3 Bc8 34.Bxc5 bxc5 35.Na5 Bxf5 36.Rxf5 Rgh7
37.Rb1 Kf7  0-1

[Event "XVI BCC Open"]
[Site "Cesenatico ITA"]
[Date "2012.09.02"]
[Round "2"]
[White "Colovic,A"]
[Black "Drei,A"]
[Result "1-0"]
[WhiteElo "2449"]
[BlackElo "2247"]

1.d4 Nf6 2.c4 e6 3.Nc3 Bb4 4.Nf3 Ne4 5.Qc2 f5 6.g3 b6 7.Bg2 Bb7 8.Nd2 Bxc3
9.bxc3 Nd6 10.d5 Na6 11.O-O O-O 12.e4 Qf6 13.Re1 fxe4 14.Nxe4 Nxe4 15.Bxe4 h6
16.Ba3 Nc5 17.Bxc5 bxc5 18.dxe6 Bxe4 19.Rxe4 dxe6 20.Rae1 Rfe8 21.Re5 Rad8
22.Rxc5 e5 23.Re3 c6 24.Qe4 Rd1+ 25.Kg2 Re6 26.Rf3 Qe7 27.Rxc6 Qb7 28.Qe2 Qxc6
29.Qxd1 Qxc4 30.Qd8+ Kh7 31.Qd3+ Qxd3 32.Rxd3 Ra6 33.Rd2 Kg6 34.Kf3 Kf5 35.Ke3 Ke6
36.Rc2 Rc6 37.c4 Rc5 38.h4 h5 39.Kd3 Kf5 40.Kc3 Rc7 41.Kb4 Ke4 42.c5 Kd3
43.Rc3+ Ke2 44.Re3+ Kxf2 45.Rxe5 Kxg3 46.Rxh5 Kg4 47.Rh7 Kf5 48.h5 Rb7+ 49.Kc4 a5
50.c6 Rb2 51.Rxg7 Rxa2 52.c7 Rc2+ 53.Kb5  1-0

[Event "11th Istanbul Open A"]
[Site "Istanbul TUR"]
[Date "2012.09.03"]
[Round "4"]
[White "Babujian,L"]
[Black "Bruno,Fabi"]
[Result "1/2-1/2"]
[WhiteElo "2482"]
[BlackElo "2431"]

1.d4 Nf6 2.c4 e6 3.Nc3 Bb4 4.Nf3 c5 5.g3 cxd4 6.Nxd4 Ne4 7.Qd3 Nxc3 8.bxc3 Be7
9.Bg2 O-O 10.O-O d6 11.Rd1 a6 12.Ba3 Qc7 13.Qe3 Nc6 14.Nxc6 bxc6 15.Rab1 Rb8
16.Rxb8 Qxb8 17.Bxc6 Qc7 18.Qf3 Qa5 19.Bxd6 Bxd6 20.Rxd6 Qxa2 21.Qd3 Qa5
22.Kg2 g6 23.Bf3 Qc7 24.Rc6 Qa5 25.Qd4 Bb7 26.Qb6 Qxb6 27.Rxb6 Bxf3+ 28.Kxf3 Ra8
29.c5 a5 30.c6 Kg7 31.Ke4 a4 32.Ke5 a3 33.Rb1 Kf8 34.c7 Ke7 35.Rb8 Ra5+ 36.Kd4 a2
37.c8=Q Rd5+ 38.Ke3 a1=Q 39.Rb7+ Kf6 40.Qh8+ Kg5 41.f4+ Kg4 42.Kf2 Qh1 43.Qxh7 Rh5
44.Qxf7 Qxh2+ 45.Ke3 Qxg3+ 46.Kd2 Qxf4+ 47.Qxf4+ Kxf4 48.Rb4+ Kf5 49.c4 Rh4
50.Kd3 e5 51.Rb8 Rd4+ 52.Kc3 Rd1 53.Rf8+ Ke4 54.c5 Rc1+ 55.Kb4 Ke3 56.Rf3+ Ke4
57.Rg3 Kd5 58.Rd3+ Ke4 59.Rd6 Ke3 60.Rxg6 e4 61.Re6 Rc2 62.c6 Rxe2 63.Re5 Kd4
64.Rc5 Rb2+ 65.Ka3 Rb8 66.Rc1 e3 67.Ka4 e2 68.Ka5 Kd3 69.c7  1/2-1/2

[Event "40th Olympiad Women"]
[Site "Istanbul TUR"]
[Date "2012.09.05"]
[Round "8.22"]
[White "Amura,C"]
[Black "Guerrero Rodriguez,Alej"]
[Result "1/2-1/2"]
[WhiteElo "2351"]
[BlackElo "2072"]

1.d4 Nf6 2.c4 e6 3.Nc3 Bb4 4.Nf3 c5 5.g3 d5 6.cxd5 Nxd5 7.Bd2 cxd4 8.Nxd5 Bxd2+
9.Qxd2 Qxd5 10.Qxd4 Qxd4 11.Nxd4 a6 12.Bg2 Nd7 13.Rc1 Rb8 14.O-O O-O 15.Rc7 Nf6
16.Rfc1 Rd8 17.e3 Ne8 18.R7c3 e5 19.Nb3 b6 20.Bc6 Be6 21.Kf1 Kf8 22.Ke2 Nd6
23.Nd2 Ke7 24.b3 Rbc8 25.a4 Rc7 26.Bg2 Rxc3 27.Rxc3 Rc8 28.Rxc8 Bxc8 29.Bd5 a5
30.f4 exf4 31.gxf4 Ba6+ 32.Kf3 f5 33.e4  1/2-1/2

[Event "3rd Oliver Gonzalez Mem Open A"]
[Site "Madrid ESP"]
[Date "2012.09.06"]
[Round "6.4"]
[White "Hernandez Carmenates,Hold"]
[Black "Horvath,Ad1"]
[Result "1-0"]
[WhiteElo "2561"]
[BlackElo "2495"]

1.d4 Nf6 2.c4 e6 3.Nc3 Bb4 4.Nf3 c5 5.e3 Bxc3+ 6.bxc3 d6 7.Bd3 Nc6 8.O-O O-O
9.Nd2 e5 10.d5 Ne7 11.Qc2 Kh8 12.h3 Ne8 13.f4 exf4 14.exf4 f5 15.Nf3 Nf6
16.Bd2 Nh5 17.Rae1 g6 18.Ng5 Ng7 19.Re3 h6 20.Rfe1 Ng8 21.Ne6 Bxe6 22.dxe6 Qe7
23.Be2 Nf6 24.Bf3 Nfh5 25.Bd5 Nxf4 26.Rf3 g5 27.Bxf4 gxf4 28.Qd2 Rf6 29.Qxf4 Rg6
30.Rfe3 Rf8 31.R3e2 Rff6 32.Qh4 Rg5 33.a4 b6 34.a5 Nxe6 35.Kh1  1-0

[Event "9th LGA Premium Cup"]
[Site "Nuernberg GER"]
[Date "2012.09.09"]
[Round "6.28"]
[White "Hirn,O"]
[Black "Fedorovsky,M"]
[Result "0-1"]
[WhiteElo "2217"]
[BlackElo "2401"]

1.d4 Nf6 2.c4 e6 3.Nc3 Bb4 4.Nf3 b6 5.Bg5 Bb7 6.Qb3 c5 7.a3 Bxc3+ 8.Qxc3 h6
9.Bf4 Ne4 10.Qc2 d6 11.dxc5 bxc5 12.Nd2 Qf6 13.Be3 Nxd2 14.Bxd2 O-O 15.Bc3 Qe7
16.e3 Nd7 17.Be2 Nf6 18.f3 Rfd8 19.O-O-O d5 20.h4 dxc4 21.Bxc4 Rxd1+ 22.Rxd1 Nd5
23.Bxd5 exd5 24.Qf2 Re8 25.Re1 Qd6 26.Rd1 Qe6 27.Re1 Qd6 28.Rd1 Bc6 29.g4 Ba4
30.Rg1 Qe6 31.g5 Qxe3+ 32.Qxe3 Rxe3 33.gxh6 g6 34.h5 Kh7 35.hxg6+ fxg6 36.f4 Rf3
37.Be5 Rf2 38.b4 c4 39.Rg3 Rc2+ 40.Kb1 Rd2 41.f5 Bc2+ 42.Kc1 Re2 43.fxg6+ Bxg6
44.Bg7 Re4 45.Kd2 d4 46.Bxd4 Rxd4+ 47.Kc3 Rh4 48.Rg5 Kxh6 49.Rc5 Bf7 50.Rc7 Kg6
51.Rxa7 Kf6 52.a4 Rh3+ 53.Kd4 Rd3+ 54.Kc5 c3 55.Kb6 Rd4  0-1

[Event "FSFMA Sept 2012"]
[Site "Budapest HUN"]
[Date "2012.09.11"]
[Round "11.1"]
[White "Faellman,M"]
[Black "Pogats,J"]
[Result "1-0"]
[WhiteElo "2059"]
[BlackElo "1808"]

1.d4 Nf6 2.c4 e6 3.Nc3 Bb4 4.Nf3 c5 5.g3 O-O 6.Bg2 d5 7.cxd5 Nxd5 8.Bd2 Nc6
9.a3 Bxc3 10.bxc3 cxd4 11.cxd4 Qe7 12.O-O Rd8 13.Qb3 Nb6 14.Rad1 h6 15.Bc3 Nd5
16.Be1 b6 17.e4 Nf6 18.Ne5 Nxe5 19.dxe5 Nd7 20.Bb4 Nc5 21.Bxc5 bxc5 22.Rd6 Bb7
23.Rfd1 Rxd6 24.exd6 Qd7 25.e5 Bxg2 26.Kxg2 Rc8 27.Qc4 Kh8 28.g4 Qc6+ 29.Kg3 Rd8
30.Rc1 Rb8 31.f3 f6 32.Qxc5 Qxc5 33.Rxc5 Rd8 34.f4 g5 35.Rc6 gxf4+ 36.Kxf4 Kg7
37.h4 fxe5+ 38.Kxe5 Kf7 39.Rc7+ Kg6 40.Kxe6  1-0

[Event "FSFMA Sept 2012"]
[Site "Budapest HUN"]
[Date "2012.09.11"]
[Round "11.6"]
[White "Maehrlein,C"]
[Black "Krstulovic,Alex"]
[Result "1-0"]
[WhiteElo "2127"]
[BlackElo "1843"]

1.d4 Nf6 2.c4 e6 3.Nc3 Bb4 4.Nf3 d5 5.Bg5 h6 6.Bxf6 Qxf6 7.e3 O-O 8.Qc2 b6
9.cxd5 exd5 10.Bd3 Be6 11.O-O Rc8 12.Rac1 c5 13.dxc5 bxc5 14.Rfd1 Bxc3 15.Qxc3 Qxc3
16.Rxc3 Nd7 17.Ba6 Rcb8 18.b3 Rb6 19.Bf1 a5 20.a4 d4 21.exd4 Bxb3 22.Ra1 cxd4
23.Nxd4 Bd5 24.Rc7 Nf6 25.Bb5 Rd8 26.f3 Be4 27.Nb3 Bd5 28.Nxa5 Ra8 29.Bd3 g6
30.Nc4 Rb3 31.Bf1 Rb4 32.a5 Ne8 33.Rc5 Bxc4 34.Bxc4 Nd6 35.Bd5 Ra7 36.Rc6 Nb5
37.Rxg6+  1-0

[Event "3rd Livigno Open A"]
[Site "Livigno ITA"]
[Date "2012.09.13"]
[Round "5.13"]
[White "Cebalo,M"]
[Black "Hainke,G"]
[Result "1-0"]
[WhiteElo "2424"]
[BlackElo "2318"]

1.d4 Nf6 2.c4 e6 3.Nc3 Bb4 4.Nf3 d5 5.cxd5 exd5 6.Bg5 h6 7.Bh4 Nbd7 8.e3 c5
9.Bd3 c4 10.Bc2 Qa5 11.Qd2 O-O 12.O-O Re8 13.a3 Bxc3 14.Qxc3 Qxc3 15.bxc3 Ne4
16.Bxe4 dxe4 17.Nd2 Nb6 18.a4 Bg4 19.Rfb1 Be2 20.Rb5 g5 21.Bg3 Rad8 22.Bc7 Rd5
23.Rb4 Re6 24.a5 Nd7 25.Rxb7 a6 26.f3 Bd3 27.fxe4 Bxe4 28.Rb4 Bd3 29.Nxc4 Rf6
30.Nd2 Rdf5 31.Bg3 Re6 32.c4 Rxe3 33.Rb3 Nf6 34.Re1 Rxe1+ 35.Bxe1 Be2 36.Re3 Bd1
37.Nf1 Rf4 38.Bc3 Ng4 39.Re8+ Kh7 40.h3 Nf2 41.Nd2 Ba4 42.Re1 Nd1 43.Ba1 Rf2
44.Rxd1 Re2 45.Rf1 Rxd2 46.Rxf7+ Kg6 47.Rf2 Rd1+ 48.Rf1 Rxf1+ 49.Kxf1 Bb3
50.c5 Bd5 51.g4 h5 52.Kf2 h4 53.Bc3 Bc6 54.Bd2 Bd5 55.Be3 Kf6 56.Kf1 Bc4+
57.Ke1 Bd5 58.Bg1 Bg2 59.Kf2 Bd5 60.Bh2 Kg6 61.Bc7 Bc6 62.Bd8 Bd5 63.Ke3 Bg2
64.Be7 Bd5 65.Kd3 Bg2 66.Kc4 Bf1+ 67.Kd5 Bxh3 68.c6 Bxg4 69.Kc5 h3 70.Bd6 Kf6
71.d5 Bf3 72.Bg3 Ke7 73.d6+ Kd8 74.Kb6 Kc8 75.d7+  1-0

[Event "InventiChess IM 2012"]
[Site "Antwerp BEL"]
[Date "2012.09.21"]
[Round "8.1"]
[White "Gergacz,A"]
[Black "Meng,R"]
[Result "0-1"]
[WhiteElo "2393"]
[BlackElo "2277"]

1.Nf3 Nf6 2.c4 e6 3.Nc3 Bb4 4.d4 O-O 5.Qc2 c5 6.Bg5 h6 7.Bh4 d5 8.a3 Bxc3+
9.bxc3 Nbd7 10.e3 Qa5 11.Nd2 b6 12.cxd5 exd5 13.a4 cxd4 14.cxd4 Ba6 15.Bxa6 Qxa6
16.Qb3 Qa5 17.Ke2 Rac8 18.Rhc1 Qa6+ 19.Qb5 Qb7 20.Bg3 Rxc1 21.Rxc1 Rc8 22.Rxc8+ Qxc8
23.f3 Qc1 24.Qb1 Qc6 25.Qb5 Qc1 26.Be1 Qc7 27.g3 Nf8 28.Kd3 Ne6 29.e4 dxe4+
30.fxe4 Qc1 31.Bf2 Ng4 32.Qf5 Qa3+ 33.Ke2 Nxf2 34.Qxf2 Qxa4 35.d5 Nc5 36.Qe3 Qb5+
37.Kf2 Qb2 38.Kf3 Nd7 39.g4 Ne5+ 40.Kg3 Qc1 41.Qd4 Qe1+ 42.Kh3 Ng6 43.Kg2 Nf4+
44.Kf3 g5 45.Qf2 Qd1+ 46.Kg3 h5 47.gxh5 Qxh5 48.Qf3 Qh4+  0-1

[Event "Skovbo GM Open 2012"]
[Site "Borup DEN"]
[Date "2012.09.21"]
[Round "6.5"]
[White "Jepson,C"]
[Black "Smith,Ax"]
[Result "1/2-1/2"]
[WhiteElo "2388"]
[BlackElo "2503"]

1.d4 Nf6 2.c4 e6 3.Nc3 Bb4 4.Nf3 c5 5.e3 O-O 6.Bd3 d5 7.O-O Nc6 8.a3 Bxc3
9.bxc3 dxc4 10.Bxc4 Qc7 11.h3 e5 12.Bb2 Bf5 13.Bb5 e4 14.Nd2 Rfd8 15.Qe2 Rac8
16.Rac1 Qe7 17.Rfe1 Bg6 18.a4 Qe8 19.c4 a6 20.Bxc6 Qxc6 21.a5 Nd7 22.Bc3 f5
23.d5 Qd6 24.f4 exf3 25.Qxf3 b5 26.axb6 Qxb6 27.e4 fxe4 28.Nxe4 Re8 29.Qg3 Qc7
30.Nd6 Rxe1+ 31.Rxe1 Nf6 32.Bxf6 gxf6 33.h4 Kh8 34.h5 Bxh5 35.Qh3 Rg8 36.Qxh5 Qxd6
37.Qh4 Rg6 38.Re8+ Kg7 39.Re6 Qd7 40.Qe4 Kf7 41.Qf5 Qa4 42.d6 Qd1+ 43.Kh2 Rh6+
44.Kg3 Rg6+ 45.Kh2 Rh6+ 46.Kg3 Rg6+  1/2-1/2

[Event "Vladivostok Russian Cup 2012"]
[Site "Vladivostok RUS"]
[Date "2012.09.22"]
[Round "6.4"]
[White "Khismatullin,D"]
[Black "Bocharov,D"]
[Result "1/2-1/2"]
[WhiteElo "2639"]
[BlackElo "2603"]

1.d4 Nf6 2.c4 e6 3.Nc3 Bb4 4.Nf3 O-O 5.e3 d5 6.Bd3 c5 7.O-O cxd4 8.exd4 dxc4
9.Bxc4 b6 10.Bg5 Bb7 11.Rc1 h6 12.Bh4 Nc6 13.Re1 Rc8 14.Bd3 Be7 15.Bb1 Re8
16.Bg3 Bf8 17.Bh4 Be7 18.a3 Nh5 19.Qc2 Bxh4 20.Qh7+ Kf8 21.d5 Ne7 22.Nxh4 Bxd5
23.Rcd1 Ng8 24.Nf3 Nhf6 25.Qh8 Qc7 26.Ne5 Red8 27.Rd3 Ba8 28.Rg3 g5 29.h4 Nh5
30.hxg5 Nxg3 31.gxh6 Nh5 32.h7 Ke7 33.hxg8=R Rxg8 34.Qxh5 Rxg2+ 35.Kf1 Rg7
36.Rd1 Rd8 37.Ng6+ Rxg6 38.Rxd8 Qxd8 39.Bxg6 fxg6 40.Qh7+ Kf6 41.Qh4+ g5
42.Qh6+ Kf5 43.Ke1 Qe7 44.Nd1 Bd5 45.Ne3+ Ke5 46.Kd2 Qd8 47.Qg7+ Ke4 48.Qh7+ Ke5
49.Qg7+ Ke4 50.Qh7+ Ke5 51.Qxa7 Bf3+ 52.Ke1 Kf6 53.Qh7 Qc8 54.Qh6+ Kf7 55.Qh7+ Kf6
56.Kd2 Qc5 57.Qh6+ Kf7 58.Qh7+ Kf6 59.Qh8+ Kf7 60.Qh7+  1/2-1/2